Charakteristiky seismického zatížení stavební konstrukce

Bibliographic Details
Main Author: Makovička, Daniel (Author)
Format: Article
Language:Slovak
Czech
PhysicalDescription:Obr. 6. Res. rus., angl.
Subjects:

MARC

LEADER 00000nab a2200000 a 4500
001 vtls000101559
003 SK-MaSNL
005 20260304224839.0
008 250422c1981 xo 0 slo
015 |a SNBRB19rr/mm-uuuuu 
035 |a CL0111662 
035 |a (urnnbn)urn:nbn:sk:snk:ar-006ji0 
035 |a (uuid)2db28798-6e67-4636-b3b3-2b6652082c29 
035 |a urn:nbn:sk:snk-ab867b 
040 |a SNKBUCL  |b slo  |c SNKBUCL  |e AACR2 
041 0 |a cze 
044 |a xo  |c SK 
080 |a 624  |2 1981 
100 1 |a Makovička, Daniel  |4 aut  |9 1162109 
245 1 0 |a Charakteristiky seismického zatížení stavební konstrukce  |c Daniel Makovička 
300 |b Obr. 6. Res. rus., angl. 
650 0 7 |a stavebné konštrukcie  |2 snkbucl  |9 3695 
655 7 |a články z novín a časopisov  |2 snkbucl  |9 267496 
773 0 |t Stavebnícky časopis  |g Roč. 29, č. 11-12 (1981), s. 905-914 
850 |a Slovenská národná knižnica 
852 |a Slovenská národná knižnica 
958 |a article9 
958 |a RK 
958 |a CZ 
958 |a OND 
958 |a EUIPO 
992 |a RBX 
999 |c 3174468  |d 3176398